| 000 | 00817nam a22002415a 4500 | ||
|---|---|---|---|
| 005 | 20201128021325.0 | ||
| 008 | 150622r20122010ii adk frb 000 0 eng d | ||
| 020 | _a9788122427707 | ||
| 040 |
_aEG-ScBUE _beng _cEG-ScBUE |
||
| 082 | 0 | 4 |
_a620.00151825 _bBHA _222 |
| 100 | 1 |
_aBhavikatti, S. S. _938244 |
|
| 245 | 1 | 0 |
_aFinite element analysis / _cS. S. Bhavikatti. |
| 250 | _a2nd ed., Reprinted. | ||
| 260 |
_aNew Delhi : _bNew Age International (P.) Limited Publishers, _c2012. |
||
| 300 |
_axi, 334 p. : _bcharts, forms, tables ; _c25 cm. |
||
| 500 | _aReprint of the 2010 ed. | ||
| 504 | _aIncludes bibliographical references. | ||
| 650 | 7 |
_aFinite element method. _2BUEsh _92126 |
|
| 651 | _2BUEsh | ||
| 653 |
_bENGGEN _cJune2015 _cJuly2015 |
||
| 655 |
_vreading book _934232 |
||
| 942 |
_2ddc _k620.00151825 BHA |
||
| 999 |
_c19822 _d19794 |
||